| 000 | 00386nam a22001697a 4500 | ||
|---|---|---|---|
| 005 | 20170925152151.0 | ||
| 008 | 170925b xxu||||| |||| 00| 0 eng d | ||
| 020 | _a978-81-203-5147-9 | ||
| 041 | _aeng | ||
| 082 | _a530.41 | ||
| 100 |
_aKumar,Arun _93978 |
||
| 245 | _aInroduction to Solid State Physics | ||
| 250 | _a2nd | ||
| 260 |
_aNew Delhi _bPHI |
||
| 300 | _a510 | ||
| 942 | _cBK | ||
| 999 |
_c5611 _d5609 |
||